<?xml version="1.0" encoding="UTF-8"?>
<record
    xmlns:xsi="http://www.w3.org/2001/XMLSchema-instance"
    xsi:schemaLocation="http://www.loc.gov/MARC21/slim http://www.loc.gov/standards/marcxml/schema/MARC21slim.xsd"
    xmlns="http://www.loc.gov/MARC21/slim">

  <leader>04998nam a2200433Ia 4500</leader>
  <controlfield tag="003">OSt</controlfield>
  <controlfield tag="005">20260616114928.0</controlfield>
  <controlfield tag="008">  2310s2022    ua a   frm      000 0 und d</controlfield>
  <datafield tag="040" ind1=" " ind2=" ">
    <subfield code="a">EG-EULC</subfield>
    <subfield code="b">eng</subfield>
    <subfield code="c">EG-EULC</subfield>
    <subfield code="d">EG-EULC</subfield>
    <subfield code="e">rda</subfield>
  </datafield>
  <datafield tag="041" ind1="0" ind2=" ">
    <subfield code="a">eng</subfield>
    <subfield code="b">eng</subfield>
    <subfield code="b">ara</subfield>
  </datafield>
  <datafield tag="049" ind1=" " ind2=" ">
    <subfield code="a">Deposit</subfield>
  </datafield>
  <datafield tag="082" ind1=" " ind2=" ">
    <subfield code="a">618.976152</subfield>
  </datafield>
  <datafield tag="092" ind1=" " ind2=" ">
    <subfield code="a">618.976152</subfield>
    <subfield code="2">21</subfield>
  </datafield>
  <datafield tag="097" ind1=" " ind2=" ">
    <subfield code="a">M.Sc</subfield>
  </datafield>
  <datafield tag="099" ind1=" " ind2=" ">
    <subfield code="a">Cai01.11.28.M.Sc.2022.Me.T</subfield>
  </datafield>
  <datafield tag="100" ind1=" " ind2=" ">
    <subfield code="a">Merna Safwat fekry Philobos</subfield>
    <subfield code="e">preparation.</subfield>
  </datafield>
  <datafield tag="245" ind1=" " ind2=" ">
    <subfield code="a">Thalassemia in Children and Adolescents :</subfield>
    <subfield code="b">a single center study of adherence to evidence based management guidelines and practice obstacles /</subfield>
    <subfield code="c">by Merna Safwat fekry Philobos ; Supervisors Prof.Dr.Eman Abdel-Raouf Mohamed abd Elal, Prof.Dr.Niveen Mohamed Salama, Prof.Dr.Amera Mohammed Hasnoon.</subfield>
  </datafield>
  <datafield tag="246" ind1=" " ind2=" ">
    <subfield code="a">&#x62F;&#x631;&#x627;&#x633;&#x629; &#x641;&#x631;&#x62F;&#x64A;&#x629; &#x645;&#x631;&#x643;&#x632;&#x64A;&#x629; &#x62D;&#x648;&#x644; &#x645;&#x631;&#x636;&#x649; &#x627;&#x646;&#x64A;&#x645;&#x64A;&#x627; &#x627;&#x644;&#x628;&#x62D;&#x631; &#x627;&#x644;&#x645;&#x62A;&#x648;&#x633;&#x637; &#x641;&#x649; &#x627;&#x623;&#x644;&#x637;&#x641;&#x627;&#x644; &#x648; &#x627;&#x644;&#x628;&#x627;&#x644;&#x63A;&#x64A;&#x646; &#x648;&#x645;&#x62F;&#x649; &#x627;&#x627;&#x644;&#x644;&#x62A;&#x632;&#x627;&#x645; &#x628;&#x627;&#x644;&#x642;&#x648;&#x627;&#x639;&#x62F; &#x627;&#x627;&#x644;&#x631;&#x634;&#x627;&#x62F;&#x64A;&#x629; &#x627;&#x644;&#x645;&#x62A;&#x639;&#x627;&#x631;&#x641; &#x639;&#x644;&#x64A;&#x647;&#x627; &#x648;&#x627;&#x644;&#x639;&#x642;&#x628;&#x627;&#x62A; &#x627;&#x644;&#x639;&#x645;&#x644;&#x64A;&#x629; &#x627;&#x644;&#x62A;&#x649; &#x62A;&#x648;&#x627;&#x62C;&#x647;&#x647;&#x645;</subfield>
  </datafield>
  <datafield tag="264" ind1=" " ind2="0">
    <subfield code="c">2022.</subfield>
  </datafield>
  <datafield tag="300" ind1=" " ind2=" ">
    <subfield code="a">157 p. :</subfield>
    <subfield code="b">illustrations ;</subfield>
    <subfield code="c">25cm+</subfield>
    <subfield code="e">CD</subfield>
  </datafield>
  <datafield tag="336" ind1=" " ind2=" ">
    <subfield code="2">rda content</subfield>
    <subfield code="a">text</subfield>
  </datafield>
  <datafield tag="337" ind1=" " ind2=" ">
    <subfield code="2">rdamedia</subfield>
    <subfield code="a">Unmediated</subfield>
  </datafield>
  <datafield tag="338" ind1=" " ind2=" ">
    <subfield code="2">rdacarrier</subfield>
    <subfield code="a">volume</subfield>
  </datafield>
  <datafield tag="502" ind1=" " ind2=" ">
    <subfield code="a">Thesis (M.Sc.)-Cairo nivsersity,2022.</subfield>
  </datafield>
  <datafield tag="504" ind1=" " ind2=" ">
    <subfield code="a">Bibliography: p. 137-157.</subfield>
  </datafield>
  <datafield tag="520" ind1=" " ind2="3">
    <subfield code="a">	Thalassemia refers to a group of inherited hemoglobinopathies where there
is a quantitative defect in the production of alpha globin or beta globin chains resulting in
precipitation of the unpaired chains, which in turn causes destruction of red blood cell
precursors in the bone marrow (ineffective erythropoiesis) and circulation (hemolysis). It
often requires regular blood transfusions, iron chelation therapy and sometimes
splenectomy for its management. Thus, the therapeutic regime is complex, lifelong and
inconvenient, requiring repeated hospitalizations and blood transfusions, which often
affects the child&#x2019;s physical and mental health negatively. Treatment adherence is crucial to
Thalassemia control, complications prevention.
Objectives: To evaluate thalassemia major and intermedia management practice and
rate of adherence to guideline at Pediatric Hematology Clinic and Unit, Cairo
University Hospitals, and to analyze the causes of non-adherence to guidelines before
and during the Covid 19 era.
Patients and Methods: This study is a Survey cross-sectional study which was conducted
at the Hematology Clinics in the Children&#x2019;s Hospitals, Cairo University, in the period from
August 2020 to June 2021, on 100 patients with beta thalassemia major and intermedia
diagnosed and followed-up. Patients were randomly distributed to the physicians and
usually visit the clinic without arranging appointments. On the clinic day, all consecutive
patients and care givers were asked to participate in the study</subfield>
  </datafield>
  <datafield tag="520" ind1=" " ind2="3">
    <subfield code="a">&#x64A;&#x634;&#x64A;&#x631; &#x645;&#x631;&#x636; &#x627;&#x646;&#x64A;&#x645;&#x64A;&#x627; &#x627;&#x644;&#x628;&#x62D;&#x631; &#x627;&#x644;&#x645;&#x62A;&#x648;&#x633;&#x637; &#x625;&#x644;&#x649; &#x645;&#x62C;&#x645;&#x648;&#x639;&#x629; &#x645;&#x646; &#x627;&#x639;&#x62A;&#x627;&#x644;&#x627;&#x644;&#x62A; &#x627;&#x644;&#x647;&#x64A;&#x645;&#x648;&#x63A;&#x644;&#x648;&#x628;&#x64A;&#x646; &#x627;&#x644;&#x645;&#x648;&#x631;&#x648; &#x62B;&#x629; &#x62D;&#x64A;&#x62B; &#x64A;&#x648;&#x62C;&#x62F; &#x62E;&#x644;&#x644; &#x643;&#x645;&#x64A; &#x641;&#x64A; &#x625;&#x646;&#x62A;&#x627;&#x62C; &#x633;&#x627;&#x644;&#x633;&#x644; &#x623;&#x644;&#x641;&#x627; &#x647;&#x64A;&#x645;&#x648;&#x62C;&#x644;&#x648;&#x628;&#x64A;&#x646; &#x623;&#x648; &#x628;&#x64A;&#x62A;&#x627; &#x647;&#x64A;&#x645;&#x648;&#x62C;&#x644;&#x648;&#x628;&#x64A;&#x646; &#x645;&#x645;&#x627; &#x64A;&#x624;&#x62F;&#x64A; &#x625;&#x644;&#x649; &#x62A;&#x631;&#x633;&#x628; &#x627;&#x644;&#x633;&#x627;&#x644;&#x633;&#x644; &#x63A;&#x64A;&#x631; &#x627;&#x644;&#x645;&#x632;&#x62F;&#x648;&#x62C;&#x629;&#x60C; &#x645;&#x645;&#x627; &#x64A;&#x624;&#x62F;&#x64A; &#x628;&#x62F;&#x648;&#x631;&#x647; &#x625;&#x644;&#x649; &#x62A;&#x62F;&#x645;&#x64A;&#x631; &#x633;&#x627;&#x644;&#x626;&#x641; &#x62E;&#x627;&#x644;&#x64A;&#x627; &#x627;&#x644;&#x62F;&#x645; &#x627;&#x644;&#x62D;&#x645;&#x631;&#x627;&#x621; &#x641;&#x64A; &#x646;&#x62E;&#x627;&#x639; &#x627;&#x644;&#x639;&#x638;&#x627;&#x645; )&#x62A;&#x643;&#x648;&#x64A;&#x646; &#x63A;&#x64A;&#x631; &#x641;&#x639;&#x627;&#x644; &#x644;&#x643;&#x631;&#x627;&#x62A; &#x627;&#x644;&#x62F;&#x645; &#x627;&#x644;&#x62D;&#x645;&#x631;&#x627;&#x621;( &#x648;&#x627;&#x644;&#x62F;&#x648;&#x631;&#x629; &#x627;&#x644;&#x62F;&#x645;&#x648;&#x64A;&#x629; )&#x62A;&#x643;&#x633;&#x64A;&#x631; &#x627;&#x644;&#x62F;&#x645;(. &#x646;&#x62A;&#x64A;&#x62C;&#x629; &#x644;&#x630;&#x644;&#x643;&#x60C; &#x64A;&#x639;&#x627;&#x646;&#x64A; &#x627;&#x623;&#x644;&#x641;&#x631;&#x627;&#x62F; &#x627;&#x644;&#x645;&#x635;&#x627;&#x628;&#x648;&#x646; &#x645;&#x646; &#x62F;&#x631;&#x62C;&#x627;&#x62A; &#x645;&#x62A;&#x641;&#x627;&#x648;&#x62A;&#x629; &#x645;&#x646; &#x627;&#x627;&#x644;&#x646;&#x64A;&#x645;&#x64A;&#x627; &#x627;&#x644;&#x62A;&#x643;&#x633;&#x64A;&#x631;&#x64A;&#x629; &#x648;&#x62A;&#x643;&#x648;&#x64A;&#x646; &#x643;&#x631;&#x64A;&#x627;&#x62A; &#x627;&#x644;&#x62F;&#x645; &#x627;&#x644;&#x62D;&#x645;&#x631;&#x627;&#x621; &#x62E;&#x627;&#x631;&#x62C; &#x627;&#x644;&#x646;&#x62E;&#x627;&#x639;&#x60C;  &#x648;&#x627;&#x644;&#x630;&#x64A; &#x628;&#x62F;&#x648;&#x631;&#x647; &#x64A;&#x645;&#x643;&#x646; &#x623;&#x646; &#x64A;&#x633;&#x628;&#x628; &#x62A;&#x63A;&#x64A;&#x631;&#x627;&#x62A; &#x641;&#x64A; &#x627;&#x644;&#x639;&#x638;&#x627;&#x645; &#x648;&#x636;&#x639;&#x641; &#x627;&#x644;&#x646;&#x645;&#x648; &#x648;&#x632;&#x64A;&#x627;&#x62F;&#x629; &#x627;&#x644;&#x62D;&#x62F;&#x64A;&#x62F; &#x627; &#x64B; &#x64B; &#x63A;&#x627;&#x644;&#x628; &#x645;&#x627; &#x64A;&#x62A;&#x637;&#x644;&#x628; &#x639;&#x645;&#x644;&#x64A;&#x627;&#x62A; &#x646;&#x642;&#x644; &#x62F;&#x645; &#x645;&#x646;&#x62A;&#x638;&#x645;&#x629;&#x60C; &#x627; &#x64B; &#x648;&#x639;&#x627;&#x644;&#x62C; &#x628;&#x625;&#x632;&#x627;&#x644;&#x629; &#x627;&#x644;&#x62D;&#x62F;&#x64A;&#x62F; &#x627; &#x648;&#x623;&#x62D;&#x64A;&#x627;&#x646; &#x627;&#x633;&#x62A;&#x626;&#x635;&#x627;&#x644; &#x627;&#x644;&#x637;&#x62D;&#x627;&#x644;. &#x648;&#x628;&#x627;&#x644;&#x62A;&#x627;&#x644;&#x64A;&#x60C; &#x641;&#x625;&#x646; &#x627;&#x644;&#x646;&#x638;&#x627;&#x645; &#x627;&#x644;&#x639;&#x627;&#x644;&#x62C;&#x64A; &#x645;&#x639;&#x642;&#x62F; &#x648;&#x645;&#x633;&#x62A;&#x645;&#x631; &#x648;&#x63A;&#x64A;&#x631; &#x645;&#x631;&#x64A;&#x62D;&#x60C; &#x648;&#x64A;&#x62A;&#x637;&#x644;&#x628; &#x62A;&#x643;&#x631;&#x627;&#x631; &#x62F;&#x62E;&#x648;&#x644; &#x627;&#x644;&#x645;&#x633;&#x62A;&#x634;&#x641;&#x649; &#x648;&#x646;&#x642;&#x644; &#x627;&#x644;&#x62F;&#x645;&#x60C; &#x627;&#x623;&#x644;&#x645;&#x631; &#x627;&#x644;&#x630;&#x64A; &#x627; &#x64B; &#x64B; &#x63A;&#x627;&#x644;&#x628; &#x645;&#x627; &#x64A;&#x624;&#x62B;&#x631; &#x627; &#x633;&#x644;&#x628; &#x639;&#x644;&#x649; &#x635;&#x62D;&#x629; &#x627;&#x644;&#x637;&#x641;&#x644; &#x627;&#x644;&#x62C;&#x633;&#x62F;&#x64A;&#x629; &#x648;&#x627;&#x644;&#x639;&#x642;&#x644;&#x64A;&#x629;. &#x627;&#x627;&#x644;&#x644;&#x62A;&#x632;&#x627;&#x645; &#x628;&#x627;&#x644;&#x639;&#x627;&#x644;&#x62C; &#x623;&#x645;&#x631; &#x628;&#x627;&#x644;&#x63A; &#x627;&#x623;&#x644;&#x647;&#x645;&#x64A;&#x629; &#x644;&#x644;&#x633;&#x64A;&#x637;&#x631;&#x629; &#x639;&#x644;&#x649; &#x627;&#x646;&#x64A;&#x645;&#x64A;&#x627; &#x627;&#x644;&#x628;&#x62D;&#x631; &#x627;&#x644;&#x645;&#x62A;&#x648;&#x633;&#x637; &#x648;&#x627;&#x644;&#x648;&#x642;&#x627;&#x64A;&#x629; &#x645;&#x646; &#x627;&#x644;&#x645;&#x636;&#x627;&#x639;&#x641;&#x627;&#x62A;</subfield>
  </datafield>
  <datafield tag="530" ind1=" " ind2=" ">
    <subfield code="a">Issues also as CD.</subfield>
  </datafield>
  <datafield tag="546" ind1=" " ind2=" ">
    <subfield code="a">Text in English and abstract in Arabic &amp; English.</subfield>
  </datafield>
  <datafield tag="650" ind1=" " ind2=" ">
    <subfield code="a">Thalassemia refers</subfield>
  </datafield>
  <datafield tag="653" ind1=" " ind2=" ">
    <subfield code="a">Transfusion</subfield>
  </datafield>
  <datafield tag="700" ind1=" " ind2=" ">
    <subfield code="a">Eman Abdel-Raouf Mohamed abd Elal</subfield>
    <subfield code="e">thesis advisor.</subfield>
  </datafield>
  <datafield tag="700" ind1=" " ind2=" ">
    <subfield code="a">Niveen Mohamed Salama</subfield>
    <subfield code="e">thesis advisor.</subfield>
  </datafield>
  <datafield tag="700" ind1=" " ind2=" ">
    <subfield code="a">Amera Mohammed Hasnoon</subfield>
    <subfield code="e">thesis advisor.</subfield>
  </datafield>
  <datafield tag="900" ind1=" " ind2=" ">
    <subfield code="b">01-01-2022</subfield>
    <subfield code="c">Eman Abdel-Raouf Mohamed abd Elal</subfield>
    <subfield code="c">Niveen Mohamed Salama</subfield>
    <subfield code="c">Amera Mohammed Hasnoon.</subfield>
    <subfield code="U">Cairo University</subfield>
    <subfield code="F">Faculty of Medicine</subfield>
  </datafield>
  <datafield tag="905" ind1=" " ind2=" ">
    <subfield code="a">Shimaa</subfield>
  </datafield>
  <datafield tag="942" ind1=" " ind2=" ">
    <subfield code="c">TH</subfield>
    <subfield code="2">ddc</subfield>
  </datafield>
  <datafield tag="999" ind1=" " ind2=" ">
    <subfield code="c">163742</subfield>
  </datafield>
  <datafield tag="952" ind1=" " ind2=" ">
    <subfield code="2">ddc</subfield>
    <subfield code="9">295388</subfield>
    <subfield code="a">CUCL</subfield>
    <subfield code="b">cl210</subfield>
    <subfield code="d">2024-02-11</subfield>
    <subfield code="i">85818</subfield>
    <subfield code="o">Cai01.11.28.M.Sc.2022.Me.T</subfield>
    <subfield code="p">01010110085818000</subfield>
    <subfield code="r">2023-10-30 00:00:00</subfield>
    <subfield code="w">2023-10-30</subfield>
    <subfield code="y">TH</subfield>
  </datafield>
</record>
